00236nam a2200109Ia 4500008004100000100001600041245000900057260002200066260000900088546001200097999001700109170619s9999 xx 000 0 und d aSawhney A K 0aEMMI bDhanpat Rai Pub. c2003 aENGLISH c16667d16667